| 000 | 00486nam a22001577a 4500 | ||
|---|---|---|---|
| 020 | _qHard Cover. | ||
| 082 | _a658 | ||
| 100 | _aWaqar, Khudija | ||
| 245 |
_aPerformance Difference of National And International Companies of Pakistan _cKhudija Waqar. |
||
| 260 |
_aIslamabad: _bNBS - NUST, _c2014. |
||
| 300 |
_a51 p. : _bill. ; _c30cm. |
||
| 650 |
_aMBA-Thesis. _917629 |
||
| 700 |
_aFazli Azam. _918819 |
||
| 942 |
_2ddc _cTHE |
||
| 999 |
_c532900 _d532900 |
||